Recognize parts of: a salad? - Statistics

General Stats
  • This quiz has been taken 37 times
  • The average score is 14 of 16
Answer Stats
Picture Answer % Correct
Lettuce
100%
Apple
97%
Banana
97%
Cheese
97%
Egg
97%
Grapes
97%
Kiwi
97%
Nuts
97%
Olive
97%
Pear
97%
Strawberry
97%
Cherry tomato
94%
Crouton
87%
Spinach
84%
Bell pepper
81%
Nettle
16%
No matching quizzes found
Score Distribution
Percent of People with Each Score
Percentile by Number Answered
Your Score History
You have not taken this quiz